Statystyki dla Quiz o Czechach

Kliknij tutaj aby rozwiązać quiz!

Ogólne statystyki

  • Ten quiz został rozwiązany 4 225 razy
  • Średni wynik to 13 z 21

Statystyki odpowiedzi

WskazówkaOdpowiedź% Poprawnych
StolicaPraga
100%
Graniczące państwaPolska
98%
Graniczące państwaNiemcy
97%
Graniczące państwaSłowacja
97%
Graniczące państwaAustria
95%
Kraj, którego Czechy były częścią do 1993 rokuCzechosłowacja
89%
WalutaKorona
86%
Największy producent samochodówŠkoda
75%
Grupa etniczna zrzeszająca m.in. Polaków, Czechów i SerbówSłowianie
66%
Kraj, który napadł na Czechy w 1968 rokuZSRR
63%
Sławny most w tym mieścieMost {Karola}
57%
Miasto będące sławne z powodu
piwa (zaczyna się na P)
Pilzno
56%
Najpopularniejszy sport (inny niż piłka nożna)Hokej
55%
Skrócona angielska nazwa CzechCzechia
52%
Cesarstwo, którego Czechy były częścią w latach 1002-1806Święte Cesarstwo
Rzymskie
46%
Największy region (wskazówka: Piosenka zespołu Queen)Bohemia
44%
Rzeka, która wypływa w Karkonoszach
i wpada do Morza Północnego w Niemczech
Łaba
34%
Pisarz, który był prezydentem Czech
od 1993 do 2003 roku
Václav Havel
27%
Akt wyrzucenia kogoś przez okno.
Najsłynniejsze wydarzyły się w 1419 i 1618 roku.
Defenestracja
22%
Autor książek takich jak
„Przemiana”
Franz Kafka
19%
Antropomorficzny, ale dziwny
gliniany potwór żydowskiego folkloru
Golem
17%

Rozkład punktacji

Percentyl według liczby udzielonych odpowiedzi

Procent ludzi z każdym wynikiem

Twoja historia wyników

Nie rozwiązałeś tego quizu